Rekordtorjäger der Bundesliga - Statistiken

Allgemein
  • Dieses Quiz wurde 92 mal gespielt
  • Das Durchschnittsergebnis liegt bei 6 aus 15
Antwortstatistiken
Tore Rekordtorjäger % Korrekt
365 Gerd Müller
98%
312 Robert Lewandowski
98%
177 Dieter Müller
96%
170 Mario Gomez
48%
197 Claudio Pizarro
45%
268 Klaus Fischer
45%
162 Karl-Heinz Rummenigge
40%
220 Jupp Heynckes
35%
182 Ulf Kirsten
29%
213 Manfred Burgsmüller
28%
177 Klaus Allofs
21%
160 Bernd Hölzenbein
16%
157 Fritz Walter
12%
179 Stefan Kuntz
8%
166 Hannes Löhr
5%
Keine übereinstimmenden Quizze gefunden
Verteilung der Resultate
Anzahl Personen mit jedem Resultat
Perzentil nach korrekt beantworteten Fragen
Ihre Resultats-Entwicklung
Sie haben dieses Quiz noch nicht gespielt